Click 100 Geographic Features on a World Map - Expert Mode - Statistics

General Stats
  • This quiz has been taken 6,415 times
  • The average score is 45 of 100
Answers on the Map
Answers color-coded by a green-red scale on the quiz's map according to % correct below.
 
Answer Stats
Answer % Correct
Greenland
56%
Ireland
56%
Great Britain
55%
Himalayas
55%
Taiwan
55%
Alps
54%
Gulf of Mexico
54%
Iceland
54%
Sicily
54%
Strait of Gibraltar
54%
Baja California peninsula
53%
Iberian Peninsula
53%
Sahara Desert
53%
Sri Lanka
53%
Andes
52%
Baltic Sea
52%
Crete
52%
Hawaiʻi Island
52%
Red Sea
52%
Tasmania
52%
Black Sea
51%
Horn of Africa
51%
New Guinea
51%
Persian Gulf
51%
Bay of Bengal
50%
Caspian Sea
50%
Falkland Islands
50%
Hispaniola
50%
Lake Malawi
50%
Lake Victoria
50%
Nile Delta
50%
North Sea
50%
Yucatán Peninsula
50%
Adriatic Sea
49%
Appalachian Mountains
49%
Comoros
49%
Galápagos Islands
49%
Gulf of Thailand
49%
Lake Michigan
49%
Pyrenees
49%
Borneo
48%
Gulf of Alaska
48%
Lake Baikal
48%
Vancouver Island
48%
Cape of Good Hope
47%
Gulf of California
47%
Hokkaido
47%
Hudson Bay
47%
Lake Superior
47%
Mount Everest
47%
Bering Strait
46%
Caucasus Mountains
46%
Faroe Islands
46%
Honshu
46%
Newfoundland (island)
46%
Fiji
45%
Gulf of Guinea
45%
Java
45%
Kamchatka Peninsula
45%
Amazon River Delta
44%
Arabian Sea
44%
Atlas Mountains
44%
Bay of Biscay
44%
Canary Islands
44%
Sumatra
44%
Tierra del Fuego
44%
Baffin Island
43%
Hainan Island
43%
Rocky Mountains
43%
Azores
42%
Kalahari Desert
42%
Mojave Desert
42%
Mount Kilimanjaro
42%
Ganges Delta
41%
Gobi Desert
41%
Great Barrier Reef
41%
Lake Winnipeg
41%
Luzon
40%
Gulf of Aden
39%
Río de la Plata (estuary)
39%
Sakhalin
38%
Strait of Hormuz
38%
Sulawesi
38%
Yellow Sea
38%
Gulf of St. Lawrence
37%
Lake Tanganyika
37%
New Caledonia
37%
Sea of Azov
37%
Aral Sea
36%
Lake Maracaibo
36%
Socotra
35%
Sea of Okhotsk
34%
Cape York Peninsula
33%
Southern Alps
32%
Pearl River Delta
31%
Great Dividing Range
30%
Great Bear Lake
28%
Guadeloupe
26%
White Sea
26%
Gulf of Carpentaria
24%
No matching quizzes found
Score Distribution
Percent of People with Each Score
Percentile by Number Answered
Your Score History
You have not taken this quiz